[Event "GER-ch U18 sf Berlin Online"]
[Site "Playchess.com INT"]
[Date "2020.05.01"]
[Round "10"]
[White "Abed, Karim"]
[Black "Wohlfahrt, Jonas"]
[Result "1-0"]
[WhiteElo "1502"]
[BlackElo "1607"]
[PlyCount "61"]
[EventDate "2020.05.01"]
[EventType "swiss (blitz)"]
[EventRounds "13"]
[EventCountry "GER"]
[SourceTitle "CBM 195 Extra"]
[Source "ChessBase"]
[SourceDate "2020.05.31"]
[SourceVersion "1"]
[SourceVersionDate "2020.05.31"]
[SourceQuality "1"]

1. d4 d5 2. c4 e6 3. Nc3 Nf6 4. Bg5 Be7 5. e3 0-0 6. Nf3 Nbd7 7. Bd3 dxc4 8. Bxc4 a6 9. 0-0 b5 10. Bd3 Bb7 11. a3 Rc8 12. b4 Nb6 13. Ne5 Nbd5 14. Qc2 Nxc3 15. Qxc3 Nd5 16. Bxe7 Qxe7 17. Qc2 Qg5 18. Bxh7+ Kh8 19. Be4 f5 20. Bf3 Rf6 21. Qc5 f4 22. e4 Nb6 23. Qe7 Rcf8 24. Qxc7 Bxe4 25. Bxe4 f3 26. Nxf3 Rxf3 27. Bxf3 Rxf3 28. Qxb6 Rf6 29. Qc5 Rg6 30. Qxg5 Rxg5 31. Rfe1 1-0

[Event "GER-ch U18 sf Berlin Online"]
[Site "Playchess.com INT"]
[Date "2020.05.01"]
[Round "8"]
[White "Wohlfahrt, Jonas"]
[Black "Rosol, Alexander"]
[Result "1-0"]
[WhiteElo "1607"]
[BlackElo "1783"]
[PlyCount "106"]
[EventDate "2020.05.01"]
[EventType "swiss (blitz)"]
[EventRounds "13"]
[EventCountry "GER"]
[SourceTitle "CBM 195 Extra"]
[Source "ChessBase"]
[SourceDate "2020.05.31"]
[SourceVersion "1"]
[SourceVersionDate "2020.05.31"]
[SourceQuality "1"]

1. d4 Nf6 2. c4 g6 3. Nc3 Bg7 4. e4 d6 5. f3 0-0 6. Be3 Nbd7 7. Bd3 c5 8. Nge2 a6 9. 0-0 b5 10. cxb5 axb5 11. Nxb5 Ba6 12. a4 Qb6 13. dxc5 Nxc5 14. Nec3 Bxb5 15. Nxb5 Qc6 16. Qc2 Qd7 17. Be2 Rac8 18. Qd1 Qe6 19. b4 Na6 20. Rb1 Qd7 21. Qd2 Rc6 22. Rfc1 Rfc8 23. Rxc6 Rxc6 24. Nd4 Rb6 25. Bb5 Qb7 26. Nb3 Rxb5 27. axb5 Qxb5 28. Nd4 Qa4 29. b5 Nc5 30. b6 Nb7 31. Qb4 Qa2 32. Nc6 Nh5 33. Nxe7+ Kh8 34. Qb5 Nf6 35. Bd4 Nd7 36. Bxg7+ Kxg7 37. Qb2+ Qxb2 38. Rxb2 Kf6 39. Nc6 Ndc5 40. Kf1 Ke6 41. Nd4+ Ke5 42. Nb3 Na4 43. Rc2 Nxb6 44. Rc7 Nd8 45. Ke2 Kf6 46. Kd3 Ne6 47. Rb7 Na4 48. Rb4 Nb2+ 49. Kc3 Nd1+ 50. Kd2 Nf2 51. Ke2 Nh1 52. Nd2 h5 53. Rb1 Nc5 1-0